[Event "Vilnius Steponavicius 75"]
[Site "Vilnius"]
[Date "2022.01.09"]
[Round "7.3"]
[White "Zukauskas, Petras"]
[Black "Korcatov, Aleksandr"]
[Result "1-0"]
[WhiteElo "1668"]
[BlackElo "1533"]
[PlyCount "115"]
[EventDate "2021.12.18"]
[EventType "tourn"]
[EventRounds "9"]
[EventCountry "LTU"]
[SourceTitle "EXT 2023"]
[Source "ChessBase"]
[SourceDate "2022.10.05"]
[SourceVersion "1"]
[SourceVersionDate "2022.10.05"]
[SourceQuality "1"]

1. d4 d5 2. c4 e6 3. Nf3 Nf6 4. e3 c5 5. b3 Be7 6. Be2 b6 7. 0-0 Nbd7 8. Bb2 Bb7 9. Nbd2 0-0 10. Ne5 cxd4 11. exd4 Rc8 12. Bf3 Bd6 13. Re1 h6 14. g3 Re8 15. Bg2 Qc7 16. Rc1 Qb8 17. f4 Nf8 18. Qe2 Bb4 19. Bc3 Qd6 20. h3 Ba8 21. Qe3 Red8 22. Bxb4 Qxb4 23. Nd3 Qa3 24. c5 N8d7 25. b4 a5 26. b5 bxc5 27. Nxc5 Qxe3+ 28. Rxe3 Nb6 29. a4 Nxa4 30. Ra3 Nb6 31. Rxa5 Ne4 32. Bxe4 dxe4 33. Nc4 Rb8 34. Nxb6 Rxb6 35. Rca1 Bd5 36. Kf2 Kf8 37. Ke3 f5 38. Rb1 Kf7 39. Ra7+ Kg8 40. Nd7 Rb7 41. Rxb7 Bxb7 42. Nc5 Bd5 43. b6 Rb8 44. g4 g6 45. Nd7 Rb7 46. Nc5 Rb8 47. g5 h5 48. h4 Kf7 49. Nd7 Rb7 50. Ne5+ Kg7 51. Kd2 Rb8 52. Kc3 Rb7 53. Rb5 Kh7 54. Kb4 e3 55. Kc3 Be4 56. Rb2 Rb8 57. Re2 Rc8+ 58. Kb4 1-0

[Event "Vilnius Steponavicius 75"]
[Site "Vilnius"]
[Date "2021.12.19"]
[Round "3.1"]
[White "Korcatov, Aleksandr"]
[Black "Steponavicius, Petras"]
[Result "1-0"]
[WhiteElo "1533"]
[BlackElo "1701"]
[PlyCount "111"]
[EventDate "2021.12.18"]
[EventType "tourn"]
[EventRounds "9"]
[EventCountry "LTU"]
[SourceTitle "EXT 2023"]
[Source "ChessBase"]
[SourceDate "2022.10.05"]
[SourceVersion "1"]
[SourceVersionDate "2022.10.05"]
[SourceQuality "1"]

1. e4 d6 2. d4 g6 3. c3 Bg7 4. Nf3 Nf6 5. Bd3 b6 6. 0-0 0-0 7. h3 Nbd7 8. Bf4 Bb7 9. Nbd2 e5 10. Bh2 Re8 11. Re1 Nh5 12. Bc4 Nf4 13. Qc2 Qe7 14. Rad1 Ne6 15. Nf1 Ng5 16. Nxg5 Qxg5 17. Ng3 Re7 18. Qd2 Qxd2 19. Rxd2 h5 20. f3 Bh6 21. Rdd1 Kg7 22. h4 Kf8 23. Kh1 Bg7 24. Nf1 Bf6 25. Bg3 Bg7 26. Ne3 Bh6 27. Bd5 c6 28. Bb3 Bxe3 29. Rxe3 f5 30. dxe5 dxe5 31. exf5 gxf5 32. Red3 Nc5 33. Rd8+ Rxd8 34. Rxd8+ Kg7 35. Rg8+ Kh7 36. Rg5 f4 37. Rxh5+ Kg6 38. Rg5+ Kf6 39. Bf2 Nd3 40. Kg1 c5 41. Bc2 c4 42. b3 b5 43. bxc4 bxc4 44. Rg8 e4 45. Bd4+ Ke6 46. Rg6+ Kd5 47. fxe4+ Kxe4 48. Rg5 f3 49. g3 Bc8 50. Kh2 f2 51. Bxf2 Rb7 52. Bd4 Rb2 53. Re5+ Kf3 54. Re3+ Kg4 55. Re2 Rxa2 56. Bxd3 1-0

[Event "Vilnius Steponavicius 75"]
[Site "Vilnius"]
[Date "2021.12.18"]
[Round "2.5"]
[White "Vainermanas, Berelis"]
[Black "Korcatov, Aleksandr"]
[Result "1/2-1/2"]
[WhiteElo "1488"]
[BlackElo "1533"]
[PlyCount "55"]
[EventDate "2021.12.18"]
[EventType "tourn"]
[EventRounds "9"]
[EventCountry "LTU"]
[SourceTitle "EXT 2023"]
[Source "ChessBase"]
[SourceDate "2022.10.05"]
[SourceVersion "1"]
[SourceVersionDate "2022.10.05"]
[SourceQuality "1"]

1. d4 Nf6 2. Nf3 d6 3. c4 c6 4. Nc3 e6 5. Bg5 Be7 6. e3 b6 7. Bd3 Nbd7 8. 0-0 0-0 9. Rc1 Bb7 10. e4 h6 11. Bh4 e5 12. d5 Nxd5 13. cxd5 Bxh4 14. dxc6 Bxc6 15. Ne2 Nc5 16. Nxh4 Qxh4 17. Ng3 g6 18. Re1 Rfd8 19. b4 Ba4 20. Bc2 Bxc2 21. Rxc2 Ne6 22. Qd5 Qe7 23. Rec1 Rab8 24. a3 h5 25. Qd2 Kg7 26. Ne2 Rb7 27. Nc3 Nf4 28. Nd5 1/2-1/2

[Event "Vilnius City-ch"]
[Site "Vilnius"]
[Date "2021.11.24"]
[Round "6"]
[White "Sukyte, Kotryna"]
[Black "Korcatov, Aleksandr"]
[Result "1-0"]
[WhiteElo "1470"]
[BlackElo "1523"]
[PlyCount "65"]
[EventDate "2021.11.15"]
[EventType "swiss"]
[EventRounds "7"]
[EventCountry "LTU"]
[SourceTitle "CBM 205 Extra"]
[Source "ChessBase"]
[SourceDate "2022.01.31"]
[SourceVersion "1"]
[SourceVersionDate "2022.01.31"]
[SourceQuality "1"]

1. e4 c5 2. Nc3 Nc6 3. g3 e5 4. Bg2 Nf6 5. d3 h6 6. f4 exf4 7. Bxf4 d6 8. Nf3 Nh5 9. Be3 Nf6 10. h3 Be7 11. 0-0 0-0 12. Nh4 Rb8 13. Nf5 Bxf5 14. Rxf5 Ne5 15. Ne2 Ng6 16. Rf2 Qd7 17. g4 d5 18. Ng3 d4 19. Bd2 Nh4 20. Bh1 Bd6 21. Bf4 Qc7 22. Qd2 Nh7 23. Bxd6 Qxd6 24. Qf4 Qxf4 25. Rxf4 Ng5 26. Kh2 Ne6 27. Rf2 g6 28. Raf1 b5 29. e5 c4 30. Bd5 cxd3 31. cxd3 Ng5 32. Ne4 Nxe4 33. dxe4 1-0

[Event "Vilnius City-ch"]
[Site "Vilnius"]
[Date "2021.11.19"]
[Round "4"]
[White "Budrys, Bronius"]
[Black "Korcatov, Aleksandr"]
[Result "1/2-1/2"]
[WhiteElo "1341"]
[BlackElo "1523"]
[PlyCount "120"]
[EventDate "2021.11.15"]
[EventType "swiss"]
[EventRounds "7"]
[EventCountry "LTU"]
[SourceTitle "CBM 205 Extra"]
[Source "ChessBase"]
[SourceDate "2022.01.31"]
[SourceVersion "1"]
[SourceVersionDate "2022.01.31"]
[SourceQuality "1"]

1. e4 c6 2. d4 d5 3. exd5 cxd5 4. Bd3 e6 5. Nf3 Nf6 6. c3 Bd6 7. Bg5 Nbd7 8. 0-0 h6 9. Bh4 0-0 10. Re1 Qc7 11. Nbd2 b6 12. Nf1 a5 13. Bg3 Ba6 14. Ne5 Bxd3 15. Qxd3 Nh5 16. f4 Ndf6 17. Qf3 Nxg3 18. Nxg3 Rae8 19. Nh5 Bxe5 20. fxe5 Nxh5 21. Qxh5 Qe7 22. Re3 f5 23. exf6 Rxf6 24. Rf1 Rxf1+ 25. Kxf1 Qf7+ 26. Qxf7+ Kxf7 27. Rf3+ Ke7 28. Ke2 b5 29. Ke3 Rc8 30. Rg3 Kf6 31. Rf3+ Ke7 32. a3 Rc4 33. Kf4 b4 34. axb4 axb4 35. Ke5 b3 36. Rg3 Kf7 37. Kd6 Rc8 38. Rf3+ Kg8 39. Re3 Rd8+ 40. Ke7 Ra8 41. Rxe6 Ra2 42. Re2 Ra6 43. Rf2 g5 44. g4 Kg7 45. h3 h5 46. gxh5 Kh6 47. Rf6+ Rxf6 48. Kxf6 Kxh5 49. Ke5 Kh4 50. Kf5 Kh5 51. Ke5 Kh4 52. Kf5 Kxh3 53. Kxg5 Kg3 54. Kf5 Kf3 55. Ke5 Ke3 56. Kxd5 Kd3 57. Ke6 Kc2 58. d5 Kxb2 59. d6 Kxc3 60. d7 b2 1/2-1/2